[Event "FWCT 2019"]
[Site "Kazan"]
[Date "2019.06.09"]
[Round "8.3"]
[White "Muzychuk, Anna"]
[Black "Muzychuk, Mariya"]
[Result "1/2-1/2"]
[WhiteElo "2539"]
[BlackElo "2563"]
[Annotator "TA"]
[PlyCount "56"]
[EventDate "2019.05.11"]
[EventType "tourn"]
[EventCountry "RUS"]
[SourceTitle "playchess.com"]
[Source "ChessBase"]
[SourceQuality "1"]

{[%evp 26,56,6,2,8,14,31,0,0,0,0,0,0,0,0,0,0,0,0,0,0,0,0,0,0,0,0,0,0,0,0,0,0]} 1. e4 c6 2. d4 d5 3. Nc3 dxe4 4. Nxe4 Bf5 5. Ng3 Bg6 6. h4 ({Predecessor:} 6. Nf3 Nd7 7. h4 {½-½ (30) Agamaliev,G (2493)-Cernousek,L (2453) Konya 2017}) 6... h6 7. Nf3 Nd7 8. h5 Bh7 9. Bd3 Bxd3 10. Qxd3 e6 11. Bd2 Ngf6 12. O-O-O Be7 13. Ne4 Nxe4 14. Qxe4 Nf6 {[%cal Bd7f6,Bf6g4,Bg4f2,Bf2d1][%mdl 32] B19: Classical Caro-Kann: 4...Bf5 main line} 15. Qd3 $146 (15. Qe2 Qd5 16. Kb1 Qe4 17. Qxe4 Nxe4 {½-½ (17) Bacallao Alonso,Y (2582)-Iturrizaga Bonelli,E (2628) Buenos Aires 2018}) 15... O-O 16. g4 Nxg4 {The position is equal.} 17. Rhg1 $1 {[%cal Rg1g4]} Nxf2 {[%mdl 64] [#] Double Attack} 18. Qe2 $1 {Black must now prevent Bxh6.} Nxd1 19. Bxh6 $1 Bf6 {aiming for ...Kh8.} 20. Bxg7 $1 Bxg7 21. h6 $1 $40 {[%mdl 192] [#] Intending Qe5 and mate. Pin. White mounts an attack.} Qf6 $1 {[%cal Rf6h6]} 22. Rxg7+ Kh8 23. Ng5 $1 {Hoping for Qe4.} Qxd4 24. Rh7+ Kg8 25. Rg7+ Kh8 26. Rh7+ Kg8 27. Rg7+ Kh8 28. Rh7+ Kg8 1/2-1/2

[Event "FWCT 2019"]
[Site "Kazan"]
[Date "2019.06.09"]
[Round "8.4"]
[White "Lagno, Kateryna"]
[Black "Gunina, Valentina"]
[Result "1/2-1/2"]
[WhiteElo "2554"]
[BlackElo "2506"]
[Annotator "ChessBase"]
[PlyCount "73"]
[EventDate "2019.05.11"]
[EventType "tourn"]
[EventCountry "RUS"]
[SourceTitle "playchess.com"]
[Source "ChessBase"]
[SourceQuality "1"]
[TimeControl "40/5400+30:1800+30"]

1. e4 {[%emt 0:00:00]} e5 {[%emt 0:00:00]} 2. Nf3 {[%emt 0:00:00]} Nc6 {[%emt 0:00:00]} 3. Bb5 {[%emt 0:00:27]} g6 {[%emt 0:00:23]} 4. c3 {[%emt 0:01:31]} a6 {[%emt 0:01:02]} 5. Ba4 {[%emt 0:03:47]} b5 {[%emt 0:01:54]} 6. Bb3 {[%emt 0:01:46]} Bg7 {[%emt 0:00:07]} 7. a4 {[%emt 0:01:06]} bxa4 {[%emt 0:15:45]} 8. Bxa4 {[%emt 0:01:50]} Nge7 {[%emt 0:00:06]} 9. d4 {[%emt 0:00:28]} exd4 {[%emt 0:01:37]} 10. cxd4 {[%emt 0:00:11]} O-O {[%emt 0:01:33]} 11. Nc3 {[%emt 0:03:12]} a5 {[%emt 0:07:09]} 12. O-O {[%emt 0:03:39]} Ba6 {[%emt 0:01:04]} 13. Re1 {[%emt 0:04:06]} Nb4 {[%emt 0:08:11]} 14. Ne5 {[%emt 0:20:38]} c6 {[%emt 0:04:59]} 15. Bb3 {[%emt 0:01:22]} d5 {[%emt 0:02:10]} 16. exd5 {[%emt 0:01:11]} cxd5 {[%emt 0:02:07]} 17. Na2 {[%emt 0:13:11]} Nbc6 {[%emt 0:06:50]} 18. Bf4 {[%emt 0:04:14]} Nxe5 {[%emt 0:11:09]} 19. Bxe5 {[%emt 0:00:27]} Nc6 {[%emt 0:04:49]} 20. Bxg7 {[%emt 0:00:50]} Kxg7 {[%emt 0:00:01]} 21. Rc1 {[%emt 0:01:29]} Rc8 {[%emt 0:02:19]} 22. Ba4 {[%emt 0:12:28]} Qf6 {[%emt 0:02:59]} 23. Bxc6 {[%emt 0:00:25]} Rxc6 {[%emt 0:00:01]} 24. Rxc6 {[%emt 0:07:12]} Qxc6 {[%emt 0:00:24]} 25. Qd2 {[%emt 0:00:03]} Rb8 {[%emt 0:01:36]} 26. Nc3 {[%emt 0:00:09]} Rb4 {[%emt 0:05:05]} 27. Ra1 {[%emt 0:08:24]} Bb7 {[%emt 0:10:47]} 28. Rxa5 {[%emt 0:02:09]} Qb6 {[%emt 0:00:01]} 29. Rc5 {[%emt 0:00:29]} Rxb2 {[%emt 0:04:15]} 30. Qe3 {[%emt 0:00:03]} Qf6 {[%emt 0:02:21]} 31. h3 {[%emt 0:00:31]} Rb3 {[%emt 0:03:19]} 32. Rb5 {[%emt 0:01:12]} Rxb5 33. Nxb5 {[%emt 0:00:02]} Bc6 {[%emt 0:01:50]} 34. Nc3 {[%emt 0:01:00]} Qf5 {[%emt 0:00:33]} 35. Kh2 {[%emt 0:00:52]} h5 {[%emt 0:00:14]} 36. h4 {[%emt 0:00:54]} Kf8 {[%emt 0:00:32]} 37. Qh6+ {[%emt 0:01:01]} 1/2-1/2

[Event "FWCT 2019"]
[Site "Kazan"]
[Date "2019.06.10"]
[Round "9.1"]
[White "Kosteniuk, Alexandra"]
[Black "Lagno, Kateryna"]
[Result "1/2-1/2"]
[WhiteElo "2546"]
[BlackElo "2554"]
[Annotator "TA"]
[PlyCount "146"]
[EventDate "2019.05.11"]
[EventType "tourn"]
[EventCountry "RUS"]
[SourceTitle "playchess.com"]
[Source "ChessBase"]
[SourceQuality "1"]

{[%evp 11,146,40,39,13,16,-17,0,7,2,-16,-15,-31,-24,-53,0,0,0,0,131,92,91,95,91,66,147,133,138,61,91,91,90,59,56,43,43,48,49,46,43,41,53,44,52,39,61,35,28,34,63,59,59,59,59,57,64,61,73,33,31,29,59,19,62,77,75,28,83,61,72,56,63,58,66,60,75,66,65,57,69,30,82,94,103,94,141,0,0,0,0,0,0,0,0,0,23,18,19,14,8,16,23,20,20,18,165,86,314,290,412,391,335,26,87,88,95,96,97,98,106,22,126,0,0,0,0,0,0,0,0,0,0,0,0,0,0,0,0]} 1. e4 d6 2. d4 g6 3. Nc3 Bg7 4. Be3 a6 5. Nf3 b5 6. Bd3 Bb7 7. e5 {B06: Modern Defence} c5 (7... Nd7 8. e6 fxe6 9. Ng5 Nf8 10. O-O Nf6 11. Re1 h6 12. Nf3 g5 13. Bd2 Qd7 14. h3 Kf7 {0-1 (46) Moiseenko,A (2667)-Petrosian,T (2601) Riadh 2017}) 8. e6 f5 $146 ({Predecessor:} 8... fxe6 9. dxc5 Bxc3+ 10. bxc3 Nf6 11. O-O Nbd7 12. cxd6 exd6 13. Bh6 Nc5 14. Re1 Qd7 {1-0 (35) Perelshteyn,E (2509)-Piasetski,L (2300) Reykjavik 2017}) 9. dxc5 dxc5 10. Bxc5 Qc7 11. Be3 $1 Nf6 $1 {[%mdl 1024] Black has compensation.} 12. Qd2 Nc6 ({Black should try} 12... O-O $15) 13. Bf4 $36 {[%mdl 2048] Black is under pressure.} Qb6 14. O-O O-O-O (14... O-O $11) 15. Rae1 Nd4 16. Nxd4 Rxd4 17. Ne2 Qc6 (17... Ra4 $14) 18. f3 $16 Rdd8 19. Qc3 (19. Rc1 $16) 19... Ne8 20. Qxc6+ Bxc6 21. Nc3 Bd4+ 22. Kh1 Nc7 23. a3 Kb7 24. Re2 Bf6 25. Rfe1 Bh4 26. Rb1 Bf6 27. Bg3 Rd4 28. Bf2 Rd6 29. Rbe1 Bd4 30. Bg3 Rdd8 31. Bh4 Rhe8 32. Bg5 Bg7 33. Kg1 a5 34. Bd2 b4 35. Nd1 Nd5 36. g3 Bd4+ 37. Kg2 Bc5 38. Ne3 Nb6 (38... Nxe3+ $11 39. Bxe3 Bxe3 40. Rxe3 Rd4) 39. axb4 axb4 40. Nc4 Nxc4 41. Bxc4 Rd4 42. b3 Rdd8 43. h4 Kb6 44. Rb1 Bb5 45. Be1 Rd4 (45... Rd5 $11 {keeps the balance.}) 46. Bxb5 Kxb5 47. Re5 Red8 48. c4+ (48. Bxb4 $1 $16 Kxb4 49. c3+ $1 {[%mdl 576] Deflection, Decoy} Kxc3 50. Rxc5+ Kb4 51. Rc7) 48... bxc3 $1 $11 49. Bxc3 R4d5 50. b4 Bb6 51. Re2 Rd3 52. Be1 Ra8 53. Re5+ Kc6 {And now ...Ra2+ would win.} 54. b5+ Kb7 {Hoping for ...Ra2+.} 55. Re2 Bc5 56. Rc1 Bd6 57. Bf2 f4 (57... Rd5 $11) 58. gxf4 (58. Rc6 $1 $18 {[%cal Rc6b6]} fxg3 59. Rb6+ (59. Bxg3 Bxg3 60. Kxg3 Raa3 $11) 59... Kc8 60. Rc6+ (60. Bxg3 Bxg3 61. Rc2+ Kd8 $16) 60... Kb7 61. Rb6+ (61. Bxg3 Bxg3 62. Kxg3 Rf8 $11) 61... Kc7 62. Rc2+ Kd8 63. Bg1 (63. Bxg3 Bxg3 64. Kxg3 Rd6 $16)) 58... Raa3 $2 (58... Rd5 $16 {might work better.}) 59. Rc6 $18 Bxf4 (59... Bb4 $142 60. Rb6+ Ka8) 60. Rb6+ Kc7 61. Rc2+ $2 (61. Bc5 $18) 61... Rdc3 (61... Rac3 $1 $11 62. Rc6+ Rxc6 63. Rxc6+ Kb7) 62. Rc6+ $16 Rxc6 63. Rxc6+ {[%mdl 4096] Endgame KRB-KRB} Kb7 64. Rb6+ Kc7 {[#]} 65. Ra6 (65. Bc5 $1 $16 {Black must now prevent Rc6+.} Ra2+ 66. Kf1) 65... Rb3 {[#]} (65... Rc3 $1 $11 {remains equal.}) 66. b6+ (66. Bc5 $1 $16) 66... Kc6 $11 {The position is equal.} 67. Ra8 Rb2 68. Ra3 Bd6 69. Rc3+ Kd5 70. Kf1 Rb1+ 71. Ke2 Rb2+ 72. Kf1 Rb1+ 73. Ke2 Rb2+ {Accuracy: White = 44%, Black = 35%.} 1/2-1/2

[Event "FWCT 2019"]
[Site "Kazan"]
[Date "2019.06.10"]
[Round "9.2"]
[White "Gunina, Valentina"]
[Black "Goryachkina, Aleksandra"]
[Result "0-1"]
[WhiteElo "2506"]
[BlackElo "2522"]
[Annotator "ChessBase"]
[PlyCount "94"]
[EventDate "2019.05.11"]
[EventType "tourn"]
[EventCountry "RUS"]
[SourceTitle "playchess.com"]
[Source "ChessBase"]
[SourceQuality "1"]
[TimeControl "40/5400+30:1800+30"]

1. e4 {[%emt 0:00:00]} c6 {[%emt 0:00:00]} 2. Nc3 {[%emt 0:00:00]} d5 {[%emt 0:00:00]} 3. Nf3 {[%emt 0:00:05]} dxe4 {[%emt 0:00:16]} 4. Nxe4 {[%emt 0:00:06]} Nf6 {[%emt 0:00:06]} 5. Qe2 {[%emt 0:03:20]} Nxe4 {[%emt 0:00:28]} 6. Qxe4 {[%emt 0:00:05]} Qa5 {[%emt 0:00:25]} 7. Bc4 {[%emt 0:02:33]} Bf5 {[%emt 0:02:47]} 8. Qe2 {[%emt 0:03:45]} e6 {[%emt 0:00:55]} 9. Ne5 {[%emt 0:07:17]} Be7 {[%emt 0:15:18]} 10. c3 {[%emt 0:04:29]} Bf6 {[%emt 0:04:36]} 11. d4 {[%emt 0:08:04]} Bxe5 {[%emt 0:01:14]} 12. dxe5 {[%emt 0:00:04]} Nd7 {[%emt 0:01:07]} 13. g4 {[%emt 0:11:19]} Bg6 {[%emt 0:00:53]} 14. f4 {[%emt 0:01:30]} b5 {[%emt 0:05:19]} 15. b4 {[%emt 0:27:03]} Qd8 {[%emt 0:01:37]} 16. Bb3 {[%emt 0:00:04]} Qh4+ {[%emt 0:01:20]} 17. Kd1 {[%emt 0:00:52]} Rd8 {[%emt 0:08:38]} 18. Bd2 {[%emt 0:00:50]} h5 {[%emt 0:02:02]} 19. f5 {[%emt 0:02:06]} exf5 {[%emt 0:04:40]} 20. e6 {[%emt 0:00:39]} Nf6 {[%emt 0:02:48]} 21. exf7+ {[%emt 0:13:08]} Kf8 {[%emt 0:01:18]} 22. Kc1 {[%emt 0:01:13]} Ne4 {[%emt 0:08:17]} 23. Be1 {[%emt 0:11:22]} Qg5+ {[%emt 0:11:07]} 24. Kb2 {[%emt 0:00:01]} hxg4 {[%emt 0:00:36]} 25. a4 {[%emt 0:00:09]} Bxf7 {[%emt 0:02:35]} 26. Bxf7 {[%emt 0:00:12]} Kxf7 {[%emt 0:00:17]} 27. axb5 {[%emt 0:00:01]} cxb5 {[%emt 0:01:35]} 28. Rxa7+ {[%emt 0:00:19]} Kg6 {[%emt 0:00:52]} 29. Qxb5 {[%emt 0:00:52]} Rd1 {[%emt 0:04:18]} 30. Qc6+ {[%emt 0:02:10]} Kh7 {[%emt 0:02:14]} 31. Qc7 {[%emt 0:01:07]} Rg8 {[%emt 0:02:10]} 32. Kb3 {[%emt 0:00:40]} Rb1+ {[%emt 0:00:25]} 33. Ka4 {[%emt 0:00:24]} Qe3 {[%emt 0:03:18]} 34. Kb5 {[%emt 0:00:39]} Rxe1 {[%emt 0:02:02]} 35. Rxe1 {[%emt 0:00:14]} Qxe1 {[%emt 0:00:12]} 36. c4 {[%emt 0:00:39]} Nc3+ {[%emt 0:04:50]} 37. Ka5 {[%emt 0:00:26]} Qa1+ {[%emt 0:01:34]} 38. Kb6 {[%emt 0:00:01]} Qg1+ {[%emt 0:00:23]} 39. Ka6 {[%emt 0:01:02]} Qd4 {[%emt 0:02:27]} 40. Qf7 {[%emt 0:00:00]} Qd6+ {[%emt 0:00:00]} 41. Ka5 {[%emt 0:02:21]} Qg6 {[%emt 0:03:20]} 42. Qd7 {[%emt 0:02:04]} Rf8 {[%emt 0:01:31]} 43. c5 {[%emt 0:04:24]} f4 {[%emt 0:03:41]} 44. Ra6 {[%emt 0:04:25]} Qf5 {[%emt 0:04:20]} 45. Qd4 {[%emt 0:03:31]} Qc2 {[%emt 0:04:31]} 46. Kb6 {[%emt 0:03:24]} Rb8+ {[%emt 0:00:39]} 47. Kc6 {[%emt 0:00:55]} Qg2+ {[%emt 0:00:25]} 0-1

[Event "FWCT 2019"]
[Site "Kazan"]
[Date "2019.06.10"]
[Round "9.3"]
[White "Dzagnidze, Nana"]
[Black "Muzychuk, Anna"]
[Result "0-1"]
[WhiteElo "2510"]
[BlackElo "2539"]
[Annotator "TA"]
[PlyCount "128"]
[EventDate "2019.05.11"]
[EventType "tourn"]
[EventCountry "RUS"]
[SourceTitle "playchess.com"]
[Source "ChessBase"]
[SourceQuality "1"]

{[%evp 9,128,15,18,0,0,11,26,18,30,31,43,33,37,40,46,27,27,26,37,18,21,0,0,0,0,0,0,0,0,-46,-57,-54,-44,-191,-193,-222,-223,-222,-222,-222,-222,-222,-222,-247,-241,-249,-254,-268,-266,-376,-378,-362,-370,-362,-362,-438,-365,-404,-400,-425,-420,-389,-379,-428,-347,-583,-583,-622,-634,-597,-581,-629,-565,-648,-648,-663,-663,-647,-627,-589,-564,-565,-525,-625,-641,-656,-641,-648,-619,-633,-615,-809,-633,-630,-615,-615,-615,-4586,-7670,-5104,-1126,-6118,-4583,-4594,-2174,-2118,-615,-29974,-29976,-29976,-29977,-29977,-29978,-29978,-29979,-29978,-29978,-29979,-29976,-29978,-610]} 1. Nf3 Nf6 2. c4 c5 3. Nc3 Nc6 4. e3 e5 5. d4 e4 6. d5 {A34: Symmetrical English: 2 Nc3, lines with ...d5} (6. Ne5 {with more complications.} cxd4 7. exd4 Bb4 8. Be2 Qa5 9. Nxc6 bxc6 10. O-O) 6... exf3 7. dxc6 fxg2 8. cxd7+ {White has an edge.} Qxd7 (8... Bxd7 9. Bxg2 g6 10. b3 Bg7 11. Qd6 Qb6 12. Qe5+ Kf8 13. Bb2 {½-½ (36) Dominguez Perez,L (2739)-Vachier Lagrave,M (2779) Saint Louis 2018}) 9. Bxg2 Qxd1+ 10. Kxd1 $146 ({Predecessor:} 10. Nxd1 Bd6 11. b3 Rb8 12. Bb2 Bf5 13. Nc3 {1-0 (42) Novak,K (2087)-Marzaduri,R (2132) Nicolosi 2014}) 10... Bg4+ 11. Kc2 O-O-O 12. f4 Bd6 13. e4 {And now e5 would win.} Bb8 14. Rg1 Rhe8 15. e5 Bf5+ 16. Kb3 Nd7 17. Bd5 f6 18. Rxg7 fxe5 19. Bd2 exf4 20. Rf1 Be5 21. Rf7 (21. Rg5 $1 $15 Rf8 22. a3) 21... Bg6 $19 22. Bxf4 Bxf7 23. Bxf7 {[#]} Re7 $1 {[%cal Re7f7]} 24. Bxe5 Nxe5 25. Bd5 Ng6 26. Be4 Rf8 27. Rg1 Nf4 28. Rg5 b6 29. a4 {[#]} (29. Rg4 {was necessary.}) 29... Ne2 $1 {[%mdl 576] Deflection} 30. Nxe2 {Nc3 is the strong threat.} Rxe4 {[%mdl 4096] Endgame KRR-KRN} 31. Nc3 Rh4 32. a5 Rxh2 33. Rg7 Rff2 34. Na4 bxa5 35. Rxa7 Rf3+ 36. Ka2 Rf5 37. Rxa5 $2 (37. Ra8+ Kc7 38. Rxa5) 37... h5 38. Nxc5 h4 39. Ra8+ Kc7 40. Ne6+ Kd7 41. Nd4 Rh5 42. Ra7+ Kc8 43. c5 {Now c6 and White clings on.} Rxc5 44. Rh7 Rc4 45. Nf5 {Strongly threatening Nd6+.} Kb8 46. Ka3 h3 47. b3 Rc5 48. Nd6 Rd5 49. Nc4 Rb5 50. b4 Rb7 51. Rh8+ Ka7 52. Ka4 Rh1 53. b5 h2 54. Na3 Re7 (54... Rf7 $142 55. Kb3 Rf3+ 56. Kb4 Rf2 57. Rh7+ Kb8 58. Rh8+ Kb7 59. Rh7+ Kb8 60. Rh8+ Kc7 61. Rh7+ Kd8 62. Rh8+ Ke7 63. Rh7+ Kf6 64. Rh6+ Kg5) 55. Rh4 Kb7 56. Kb4 Rd7 (56... Rf7 $142 57. Ka4 Rf2 58. Rh7+ Kc8 59. Rh8+ Kc7 60. Rh7+ Kd6) 57. Rh3 Rf7 58. Nc4 Rb1+ {Black mates.} 59. Ka5 Rf2 60. Rh7+ Kc8 61. Nd6+ Kd8 62. Nb7+ {[#]} Ke8 $1 63. Nd6+ Kf8 64. Ne4 Ra2+ {Accuracy: White = 33%, Black = 80%.} 0-1

[Event "FWCT 2019"]
[Site "Kazan"]
[Date "2019.06.10"]
[Round "9.4"]
[White "Muzychuk, Mariya"]
[Black "Tan, Zhongyi"]
[Result "1-0"]
[WhiteElo "2563"]
[BlackElo "2513"]
[Annotator "ChessBase"]
[PlyCount "85"]
[EventDate "2019.05.11"]
[EventType "tourn"]
[EventCountry "RUS"]
[SourceTitle "playchess.com"]
[Source "ChessBase"]
[SourceQuality "1"]
[TimeControl "40/5400+30:1800+30"]

1. e4 {[%emt 0:00:00]} e5 {[%emt 0:00:00]} 2. Nf3 {[%emt 0:00:00]} Nc6 {[%emt 0:00:00]} 3. Bb5 {[%emt 0:00:09]} a6 {[%emt 0:00:00]} 4. Ba4 {[%emt 0:00:22]} Nf6 {[%emt 0:00:00]} 5. d3 {[%emt 0:02:02]} b5 {[%emt 0:03:59]} 6. Bb3 {[%emt 0:00:06]} Bc5 {[%emt 0:00:06]} 7. O-O {[%emt 0:03:09]} d6 {[%emt 0:05:32]} 8. c3 {[%emt 0:02:14]} Bb6 {[%emt 0:00:27]} 9. Be3 {[%emt 0:07:17]} Bxe3 {[%emt 0:03:37]} 10. fxe3 {[%emt 0:00:04]} O-O {[%emt 0:00:15]} 11. Nbd2 {[%emt 0:01:17]} Na5 {[%emt 0:00:49]} 12. Bc2 {[%emt 0:01:05]} c5 {[%emt 0:00:08]} 13. Qe1 {[%emt 0:02:04]} Nc6 {[%emt 0:01:43]} 14. h3 {[%emt 0:02:24]} Ra7 {[%emt 0:02:17]} 15. Qf2 {[%emt 0:06:32]} a5 {[%emt 0:06:36]} 16. a4 {[%emt 0:04:40]} b4 {[%emt 0:00:22]} 17. Bb3 {[%emt 0:05:10]} Be6 {[%emt 0:03:26]} 18. Bc4 {[%emt 0:07:13]} Nd7 {[%emt 0:10:52]} 19. Bb5 {[%emt 0:02:27]} Ndb8 {[%emt 0:04:11]} 20. d4 {[%emt 0:11:58]} bxc3 {[%emt 0:09:20]} 21. bxc3 {[%emt 0:00:04]} cxd4 {[%emt 0:00:43]} 22. exd4 {[%emt 0:00:16]} exd4 {[%emt 0:00:15]} 23. Nxd4 {[%emt 0:02:05]} Nxd4 {[%emt 0:00:55]} 24. cxd4 {[%emt 0:00:04]} d5 {[%emt 0:00:12]} 25. e5 {[%emt 0:01:14]} f6 {[%emt 0:13:53]} 26. Qe3 {[%emt 0:03:26]} Raf7 {[%emt 0:01:42]} 27. Nf3 {[%emt 0:04:40]} Nd7 {[%emt 0:00:36]} 28. exf6 {[%emt 0:06:44]} Rxf6 {[%emt 0:00:25]} 29. Ng5 {[%emt 0:01:23]} Bf5 {[%emt 0:08:32]} 30. Rae1 {[%emt 0:11:10]} Rg6 {[%emt 0:03:35]} 31. h4 {[%emt 0:00:57]} h6 {[%emt 0:00:19]} 32. Rxf5 {[%emt 0:04:34]} Rxf5 {[%emt 0:00:11]} 33. Bd3 {[%emt 0:00:05]} Rfxg5 {[%emt 0:09:16]} 34. hxg5 {[%emt 0:00:04]} Rd6 {[%emt 0:00:05]} 35. Qe8+ {[%emt 0:06:28]} Nf8 {[%emt 0:00:43]} 36. Qxd8 {[%emt 0:03:21]} Rxd8 {[%emt 0:00:05]} 37. g6 {[%emt 0:00:30]} Rb8 {[%emt 0:00:22]} 38. Re5 {[%emt 0:00:36]} Rd8 {[%emt 0:04:29]} 39. g4 {[%emt 0:00:41]} Kh8 {[%emt 0:01:50]} 40. Bf5 {[%emt 0:00:00]} Rd6 {[%emt 0:00:00]} 41. Re8 {[%emt 0:01:49]} Rf6 {[%emt 0:00:50]} 42. Be6 {[%emt 0:02:35]} h5 {[%emt 0:02:41]} 43. Bf7 {[%emt 0:00:31]} 1-0

[Event "FWCT 2019"]
[Site "Kazan"]
[Date "2019.06.12"]
[Round "10.1"]
[White "Kosteniuk, Alexandra"]
[Black "Gunina, Valentina"]
[Result "1-0"]
[WhiteElo "2546"]
[BlackElo "2506"]
[Annotator "ChessBase"]
[PlyCount "81"]
[EventDate "2019.05.11"]
[EventType "tourn"]
[EventCountry "RUS"]
[SourceTitle "playchess.com"]
[Source "ChessBase"]
[SourceQuality "1"]
[TimeControl "40/5400+30:1800+30"]

1. e4 {[%emt 0:00:00]} e5 {[%emt 0:00:00]} 2. Nf3 {[%emt 0:00:00]} Nc6 {[%emt 0:00:00]} 3. Bb5 {[%emt 0:00:00]} Nf6 {[%emt 0:00:06]} 4. d4 {[%emt 0:00:00]} Nxd4 {[%emt 0:22:41]} 5. Nxd4 {[%emt 0:00:34]} exd4 {[%emt 0:00:03]} 6. e5 {[%emt 0:00:15]} c6 {[%emt 0:01:45]} 7. Qxd4 {[%emt 0:11:32]} Nd5 {[%emt 0:12:10]} 8. Bc4 {[%emt 0:00:26]} Nb6 {[%emt 0:02:38]} 9. Nd2 {[%emt 0:01:41]} d5 {[%emt 0:03:49]} 10. Bd3 {[%emt 0:00:28]} c5 {[%emt 0:14:24]} 11. Qf4 {[%emt 0:00:49]} c4 {[%emt 0:07:05]} 12. Be2 {[%emt 0:00:13]} Be7 {[%emt 0:03:27]} 13. Nf3 {[%emt 0:03:12]} O-O {[%emt 0:04:07]} 14. Qg3 {[%emt 0:02:43]} Bf5 {[%emt 0:08:46]} 15. h4 {[%emt 0:07:43]} f6 {[%emt 0:03:59]} 16. Bh6 {[%emt 0:02:15]} Rf7 {[%emt 0:00:30]} 17. O-O-O {[%emt 0:12:06]} Qd7 {[%emt 0:00:51]} 18. Kb1 {[%emt 0:06:47]} Na4 {[%emt 0:02:30]} 19. Nd4 {[%emt 0:17:38]} fxe5 {[%emt 0:06:48]} 20. Nxf5 {[%emt 0:00:34]} Qxf5 {[%emt 0:00:02]} 21. Rxd5 {[%emt 0:00:30]} Bf6 {[%emt 0:04:02]} 22. Bg4 {[%emt 0:03:20]} Qg6 {[%emt 0:00:01]} 23. Be3 {[%emt 0:00:28]} Re7 {[%emt 0:00:52]} 24. Rhd1 {[%emt 0:03:22]} Rf8 {[%emt 0:00:01]} 25. Rd6 {[%emt 0:11:55]} Qf7 {[%emt 0:00:41]} 26. Qh3 {[%emt 0:00:16]} Kh8 {[%emt 0:00:55]} 27. Be6 {[%emt 0:02:56]} Qh5 {[%emt 0:00:21]} 28. Bxc4 {[%emt 0:00:12]} e4 {[%emt 0:00:38]} 29. R6d5 {[%emt 0:05:20]} Re5 {[%emt 0:00:11]} 30. c3 {[%emt 0:02:05]} b5 {[%emt 0:01:00]} 31. g4 {[%emt 0:00:54]} Qf7 {[%emt 0:00:28]} 32. Bb3 {[%emt 0:00:23]} Rxd5 {[%emt 0:00:16]} 33. Rxd5 {[%emt 0:00:06]} Qc7 {[%emt 0:00:42]} 34. g5 {[%emt 0:00:42]} Bxc3 {[%emt 0:00:28]} 35. Bxa4 {[%emt 0:00:34]} Bxb2 {[%emt 0:00:36]} 36. Qd7 {[%emt 0:03:14]} Qc3 {[%emt 0:00:28]} 37. Qxb5 {[%emt 0:01:10]} Ba3 {[%emt 0:00:33]} 38. Qb3 {[%emt 0:00:18]} Qe1+ {[%emt 0:00:33]} 39. Rd1 {[%emt 0:00:19]} Qa5 {[%emt 0:00:29]} 40. Qxa3 {[%emt 0:00:00]} Rb8+ {[%emt 0:00:00]} 41. Ka1 {[%emt 0:00:35]} 1-0

[Event "FWCT 2019"]
[Site "Kazan"]
[Date "2019.06.12"]
[Round "10.2"]
[White "Lagno, Kateryna"]
[Black "Goryachkina, Aleksandra"]
[Result "1/2-1/2"]
[WhiteElo "2554"]
[BlackElo "2522"]
[Annotator "ChessBase"]
[PlyCount "84"]
[EventDate "2019.05.11"]
[EventType "tourn"]
[EventCountry "RUS"]
[SourceTitle "playchess.com"]
[Source "ChessBase"]
[SourceQuality "1"]
[TimeControl "40/5400+30:1800+30"]

1. e4 {[%emt 0:00:00]} c6 {[%emt 0:00:00]} 2. d4 {[%emt 0:00:00]} d5 {[%emt 0:00:00]} 3. Nc3 {[%emt 0:00:02]} dxe4 {[%emt 0:00:02]} 4. Nxe4 {[%emt 0:00:05]} Bf5 {[%emt 0:00:20]} 5. Ng3 {[%emt 0:00:38]} Bg6 {[%emt 0:00:23]} 6. h4 {[%emt 0:00:18]} h6 {[%emt 0:00:36]} 7. Nf3 {[%emt 0:00:21]} Nd7 {[%emt 0:00:50]} 8. Bd3 {[%emt 0:01:05]} Bxd3 {[%emt 0:01:46]} 9. Qxd3 {[%emt 0:00:06]} e6 {[%emt 0:00:24]} 10. Bf4 {[%emt 0:00:35]} Qa5+ {[%emt 0:05:58]} 11. Bd2 {[%emt 0:00:55]} Qc7 {[%emt 0:00:57]} 12. O-O-O {[%emt 0:00:49]} Ngf6 {[%emt 0:01:22]} 13. Ne4 {[%emt 0:02:03]} Nxe4 {[%emt 0:02:23]} 14. Qxe4 {[%emt 0:00:08]} Nf6 {[%emt 0:00:40]} 15. Qe2 {[%emt 0:00:40]} Bd6 {[%emt 0:01:45]} 16. Kb1 {[%emt 0:03:49]} O-O-O {[%emt 0:06:43]} 17. c4 {[%emt 0:01:16]} c5 {[%emt 0:06:01]} 18. Bc3 {[%emt 0:00:46]} Rhe8 {[%emt 0:03:09]} 19. Rhe1 {[%emt 0:21:33]} a6 {[%emt 0:08:38]} 20. a3 {[%emt 0:18:28]} Qb6 {[%emt 0:06:52]} 21. Ka2 {[%emt 0:08:54]} Bc7 {[%emt 0:07:19]} 22. Qc2 {[%emt 0:04:17]} Qc6 {[%emt 0:03:12]} 23. dxc5 {[%emt 0:18:07]} Qxc5 {[%emt 0:01:10]} 24. Rxd8+ {[%emt 0:01:42]} Rxd8 {[%emt 0:01:18]} 25. Ne5 {[%emt 0:00:02]} Bxe5 {[%emt 0:07:14]} 26. Bxe5 {[%emt 0:00:04]} Ne8 {[%emt 0:00:36]} 27. f3 {[%emt 0:05:37]} Qc6 {[%emt 0:07:40]} 28. Qe2 {[%emt 0:02:05]} f6 {[%emt 0:06:44]} 29. Bg3 {[%emt 0:01:41]} e5 {[%emt 0:01:15]} 30. f4 {[%emt 0:00:07]} Rd4 {[%emt 0:05:45]} 31. fxe5 {[%emt 0:00:11]} Qxc4+ {[%emt 0:00:51]} 32. Qxc4+ {[%emt 0:00:08]} Rxc4 {[%emt 0:00:03]} 33. exf6 {[%emt 0:00:49]} Nxf6 {[%emt 0:00:06]} 34. Re7 {[%emt 0:00:51]} Nh5 {[%emt 0:02:00]} 35. Be5 {[%emt 0:02:16]} Re4 {[%emt 0:01:39]} 36. g4 {[%emt 0:00:39]} Rxg4 {[%emt 0:02:58]} 37. Rc7+ {[%emt 0:00:07]} Kd8 {[%emt 0:00:12]} 38. Rxb7 {[%emt 0:00:10]} Rxh4 {[%emt 0:00:34]} 39. Bxg7 {[%emt 0:00:44]} Nxg7 {[%emt 0:00:27]} 40. Rxg7 {[%emt 0:00:00]} a5 {[%emt 0:00:00]} 41. Kb3 {[%emt 0:01:22]} a4+ {[%emt 0:02:17]} 42. Kc3 {[%emt 0:03:03]} Rh3+ {[%emt 0:01:19]} 1/2-1/2